00000000nam 2200000zi 4500
0019.955565
003CaOODSP
00520250922103108
006m     o  d f      
007cr bn|||||||||
008250922e199806##quca    ob   f000 0 fre d
040 |aCaOODSP|bfre|erda|cCaOODSP
043 |an-cn-on|an-cn-qu
0861 |aEn154-309/1998F-PDF
1001 |aLarose, Céline, |eauteur.
24510|aÉvaluation de la génétique des populations d'invertébrés benthiques du bassin versant des Grands Lacs et du Saint-Laurent au moyen de l'électrophorèse sur acétate de cellulose / |cCéline Larose et Ian Hogg, Contamination du milieu aquatique.
264 1|a[Montréal] : |bCentre Saint-Laurent, Conservation de l'environnement, Environnement Canada, Région du Québec, |cjuin 1998.
300 |a1 ressource en ligne (26 pages, 1 page non numérotée) : |billustrations
336 |atexte|btxt|2rdacontent/fre
337 |ainformatique|bc|2rdamedia/fre
338 |aressource en ligne|bcr|2rdacarrier/fre
500 |aPublié aussi en anglais sous le titre : Evaluating invertebrate population genetics in the Great Lakes-St. Lawrence River using cellulose acetate electrophoresis.
500 |aÉdition numérisée de l'imprimé [par Environnement et changement climatique Canada].
504 |aComprend des références bibliographiques (page [19]).
520 |a« En écotoxicologie et en biologie de la conservation, il est essentiel de pouvoir distinguer avec exactitude les espèces ou les populations génétiquement différentes. Si l'importance de telles différences est reconnue et étudiée intensément dans le cas des vertébrés (par exemple, pour les stocks de poissons), on s'en préoccupe moins dans le cas des invertébrés benthiques d'eau douce. Il faut le déplorer car si de telles différences existent et qu'on n'en tient pas compte, l'interprétation des résultats peut s'en trouver considérablement faussée. Les problèmes rencontrés dans l'identification des espèces d'après leurs caractères morphologiques expliquent en partie cet état de choses. Heureusement, grâce au récent progrès des techniques moléculaires, les laboratoires participant à des études sur la biodiversité ou à des travaux d'écotoxicologie peuvent maintenant identifier des populations ou des espèces génétiquement distinctes. Le présent ouvrage porte sur l'emploi de l'électrophorèse pour identifier des populations d'invertébrés aquatiques. Les techniques décrites ici peuvent servir à l'étude d'autres taxons aquatiques ou terrestres. ... » -- Introduction, page [1].
650 6|aInvertébrés d'eau douce|zGrands Lacs, Bassin des (Amérique du Nord)|xIdentification.
650 6|aInvertébrés d'eau douce|zSaint-Laurent, Bassin du|xIdentification.
650 6|aInvertébrés d'eau douce|zGrands Lacs, Bassin des (Amérique du Nord)|xGénétique.
650 6|aInvertébrés d'eau douce|zSaint-Laurent, Bassin du|xGénétique.
650 6|aAnimaux|xPopulations|xGénétique|zGrands Lacs, Bassin des (Amérique du Nord)
650 6|aAnimaux|xPopulations|xGénétique|zSaint-Laurent, Bassin du.
650 6|aÉlectrophorèse.
7102 |aCentre Saint-Laurent, |eorganisme de publication.
77508|tEvaluating invertebrate population genetics in the Great Lakes-St. Lawrence River using cellulose acetate electrophoresis / |w(CaOODSP)9.933308
85640|qPDF|s111 Ko|uhttps://publications.gc.ca/collections/collection_2025/eccc/en154/En154-309-1998-fra.pdf